000
00297nam a2200145Ia 4500
100
_a
Stevens/Richard W
250
_a
2
942
_c
BK
654
_a
Unix
245
_a
UNIX Network Programming
260
_b
McGraw - Hill
_c
2002
082
_a
5.133
_b
STE
300
_a
1009
546
_a
ENGLISH
999
_c
28756
_d
28756